000 00472nam a2200181Ia 4500
003 OSt
005 20260128121846.0
008 210210b1957 xxu||||| |||| 00| 0 eng d
040 _cAL
041 _akan
082 _a853/527
100 _aSAMSA
_9162083
_dಸಂಸ
245 _aMantrashakti:
_bಮಂತ್ರಶಕ್ತಿ
260 _aBengaluru
_bSatyashodhana Prakatana Mandira
_c1957
690 _aKannada Drama
_9162084
906 _a019797
942 _2ddc
_cBK
999 _c143943
_d143943